000 00415nam a22001337a 4500
020 _qHB.
040 _cFIZZA ISHAQ
082 _a813.54
_bHEL
100 _a Helmstetter , Shad.
_9134023
245 _aThe Gift: The 12 Greatest Tools of Personal Growth -- and How to Put Them into Practice /
_cShad Helmstetter.
260 _bPark Ave Press,
_c2005.
300 _a199 p. ;
_c7.25 x 1 x 9.25 inches
942 _2ddc
_cBK
999 _c616946
_d616946